Development and management of cities: networking and cooperation (Record no. 12525)

MARC details
000 -LEADER
fixed length control field 00323nam a2200121Ia 4500
082 ## - DEWEY DECIMAL CLASSIFICATION NUMBER
Classification number 307.76 DEV-
245 #0 - TITLE STATEMENT
Title Development and management of cities: networking and cooperation
260 ## - PUBLICATION, DISTRIBUTION, ETC. (IMPRINT)
Place of publication Manila
Name of publisher Asian Development Bank
Year of publication 1999
300 ## - PHYSICAL DESCRIPTION
Number of Pages 61
650 ## - SUBJECT ADDED ENTRY--TOPICAL TERM
Topical Term Cities and towns
700 ## - ADDED ENTRY--PERSONAL NAME
Personal name Shah, Asad A.
942 ## - ADDED ENTRY ELEMENTS (KOHA)
Koha item type Books
Source of classification or shelving scheme Dewey Decimal Classification
Holdings
Withdrawn status Lost status Damaged status Not for loan Collection code Home library Current library Date acquired Bill Date Full call number Accession Number Price effective from Koha item type
        Docas Books NASSDOC Library NASSDOC Library 30/12/2016 2004-10-25 307.76 DEV- D000669 18/04/2019 Books